000 01111cam a2200169 4500500
005 20260322012515.0
041 _afre
042 _adc
100 1 0 _aStruczyk, Stanislas
_eauthor
700 1 0 _aBourgeois, Didier
_eauthor
245 0 0 _aManagement hospitalier : de la logistique à la phlogistique
260 _c2008.
500 _a91
520 _aLa nouvelle gouvernance bouscule l’organisation actuelle de la psychiatrie en date depuis 1960 à savoir le secteur. Cette gouvernance amène de nouveaux outils : les territoires de santé, les pôles d’activité clinique, la contractualisation, l’évaluation des pratiques professionnelles. Mais cette nouvelle gouvernance ne sort pas du néant et elle n’est pas non plus amenée à faire table rase du passé. Quel lien dialectique avec le secteur, quel rapport de force amène ces mutations, quelle place du médical dans cette gouvernance, tel est le sens de ce travail ?
786 0 _nPsy Cause | 52 | 2 | 2008-01-04 | p. 6-11 | 1245-2394
856 4 1 _uhttps://shs.cairn.info/revue-psy-cause-2008-2-page-6?lang=fr&redirect-ssocas=7080
999 _c1773328
_d1773328